| 000 | 00612nam a22002177a 4500 | ||
|---|---|---|---|
| 003 | UA-OsUOA | ||
| 001 | 116199 | ||
| 007 | ta | ||
| 008 | 20160223b un ||||| |||| 00| 0 ukr d | ||
| 100 | _aЗаїка В. | ||
| 090 |
_a94(477) _bЗ-17 |
||
| 942 | _cSA | ||
| 040 |
_aUA-OsUOA _bukr _cUA-OsUOA _dUA-OsUOA |
||
| 245 | _aОстання гетьманська столиця. Глухів: материк знищення пам'яті | ||
| 300 | _aС.14 | ||
| 955 | _a0 | ||
| 041 | _aukr | ||
| 080 | _a94(477) | ||
| 773 | 0 | _w116198 | |
| 650 | 7 |
_a9 Географія. Біографії. Історія _2UDC |
|
| 999 |
_c402027 _d402027 |
||